1127 1160 1485 1683 1730 1304 1894 1652 1686 1327 1472 1056 1677 1770 1267 1709 1541 1896 1087 1774 1712 1834 1346 1447 1598 1958 1530 1750 1593 1769 1131 1255 1347 1698 1729 1252 1551 1047 1572 1928 1269 1241 1900 1005 1510 1353 1252 1313 1760 1033 1484 1931 1371 1931 1473 1113 1744 1540 1344 1136 1320 1496 1098 1170 1820 1347 1489 1338 1256 1803 1126 1470 1270 1514 1556 1469 1138 1447 1774 1095 1821 1898 1721 1170 1504 1706 1889 1501 1187 1774 1664 1619 1207 1039 1684 1575 1578 1815 1709 BCNSPRNW ULIB Ver.6.0+V

เปลี่ยนเป็นภาษาไทย

Change to English
 แสดงรายละเอียดบรรณานุกรม
  กลับหน้าหลัก

Brief Record : Get Marc (ISO 2709) : E-mail record : QR code < ปิดหน้าต่าง
LEADER : 00000nam 2200000uu 4500
001    13399123165
003     ULIB
008    020711s2552 th a 000 0 tha d
020    9789748217932
090    นว.^bฬ111ร ล.1
100    ฬีฬา
110    ยาหยี-ยาใจ
245    รหัสรักในดวงใจ 1/^cฬีฬา
250    พิมพ์ครั้งที่ 2
260    กรุงเทพฯ :^bยาหยี-ยาใจ,^c2552
300    296 หน้า;^b21 ซม.
945    ^p200^l0^i034422
999    ^aเกษร โพธิ์สุวรรณ
รายการนี้ยังไม่มีแท็ก
คุณยังไม่ได้ล็อกอิน คุณสามารถมีกิจกรรมร่วมกับเว็บไซต์ได้ แต่ต้องล็อกอินก่อน ::
  ล็อกอิน

รายการสื่อสารสนเทศ

ลำดับที่ ประเภท เลขเรียก/บาร์โค้ด สถานที่ สถานะ
1. นวนิยาย
นวนิยาย
นว. ฬ111ร ล.1 ฉ.1 
  Barcode: 034422
ห้องสมุดวิทยาเขตสวรรค์ประชารักษ์
►นวนิยาย
บนชั้น
  ขอยืม

รายการใกล้เคียง
    ผู้แต่ง [ฬีฬา]

BibComment


ยังไม่เคยถูกคอมเมนท์

คอมเมนท์ทรัพยากรรายการนี้
  คอมเมนท์: รหัสรักในดวงใจ 1 ..


 Copyright 2026. Bcnsprnw @Library